Description géologique de l'île d'Ambon, (Record no. 25427)
[ view plain ]
| 000 -LEADER | |
|---|---|
| fixed length control field | 00934nam a22002171 4500 |
| 001 - CONTROL NUMBER | |
| control field | gs 14000755 |
| 003 - CONTROL NUMBER IDENTIFIER | |
| control field | DLC |
| 005 - DATE AND TIME OF LATEST TRANSACTION | |
| control field | 20260227111316.0 |
| 008 - FIXED-LENGTH DATA ELEMENTS--GENERAL INFORMATION | |
| fixed length control field | 900621s1905 io bf b 00010 fre c |
| 010 ## - LIBRARY OF CONGRESS CONTROL NUMBER | |
| LC control number | gs 14000755 //r90 |
| 040 ## - CATALOGING SOURCE | |
| Original cataloging agency | U.S. Geol. Survey Libr./ICU |
| Transcribing agency | ICU |
| 043 ## - GEOGRAPHIC AREA CODE | |
| Geographic area code | a-io--- |
| 050 00 - LIBRARY OF CONGRESS CALL NUMBER | |
| Classification number | QE301.A5 |
| Item number | V4 |
| 100 10 - MAIN ENTRY--PERSONAL NAME | |
| Personal name | Verbeek, R. D. M. |
| Fuller form of name | (Rogier Diederik Marius), |
| Dates associated with a name | 1845-1926. |
| 245 10 - TITLE STATEMENT | |
| Title | Description géologique de l'île d'Ambon, |
| Statement of responsibility, etc. | par R.D.M. Verbeek ... |
| 260 0# - PUBLICATION, DISTRIBUTION, ETC. | |
| Place of publication, distribution, etc. | Batavia, |
| Name of publisher, distributor, etc. | Impr. de l'État, |
| Date of publication, distribution, etc. | 1905. |
| 300 ## - PHYSICAL DESCRIPTION | |
| Extent | xxi p., 1 l., 323 p. |
| Other physical details | plates (1 fold.) |
| Dimensions | 25 cm. |
| Accompanying material | and fold. col. maps, fold. profiles (part col.) in portfolio. 51 x 35 cm. |
| 500 ## - GENERAL NOTE | |
| General note | "Édition française du Jaarboek van het mijnwezen in Nederlandsch Oost-Indië, tome xxxiv, 1905, partie scientifique." |
| 504 ## - BIBLIOGRAPHY, ETC. NOTE | |
| Bibliography, etc. note | "Bibliographie relative à la géologie et la topographie d'Ambon": p. [23]-27. |
| 650 #0 - SUBJECT ADDED ENTRY--TOPICAL TERM | |
| Topical term or geographic name entry element | Geology |
| Geographic subdivision | Indonesia |
| -- | Ambon. |
No items available.